College Football Sudden Death by State: Massachusetts - Statistics

General Stats
  • This quiz has been taken 20 times
  • The average score is 4 of 6
Answers on the Grid
Answers color-coded by a green-red scale on the quiz's grid according to % correct below.
 
Answer Stats
Answer % Correct
Boston College
(Chestnut Hill, MA)
100%
University of Massachusetts
(Amherst, MA)
100%
Harvard University
(Cambridge, MA)
85%
Merrimack College
(North Andover, MA)
54%
Stonehill College
(Easton, MA)
54%
College of the Holy Cross
(Worcester, MA)
46%
No matching quizzes found
Score Distribution
Percent of People with Each Score
Percentile by Number Answered
Your Score History
You have not taken this quiz